|
|
|
|
| LEADER |
01476nam a2200373Ia 4500 |
| 001 |
EBC448769 |
| 003 |
MiAaPQ |
| 005 |
20200520144314.0 |
| 006 |
m o d | |
| 007 |
cr cn||||||||| |
| 008 |
080222s2007 ne a sb 000 0 eng d |
| 020 |
|
|
|z 9781586038304
|
| 020 |
|
|
|z 1586038303
|
| 035 |
|
|
|a (MiAaPQ)EBC448769
|
| 035 |
|
|
|a (Au-PeEL)EBL448769
|
| 035 |
|
|
|a (CaPaEBR)ebr10309221
|
| 035 |
|
|
|a (OCoLC)491253263
|
| 040 |
|
|
|a MiAaPQ
|c MiAaPQ
|d MiAaPQ
|
| 050 |
|
4 |
|a HD7287.82.E85
|b H66 2007
|
| 245 |
0 |
0 |
|a Home ownership beyond asset and security
|h [electronic resource] :
|b perceptions of housing related security and insecurity in eight European countries /
|c Marja Elsinga ... [et al.], eds.
|
| 260 |
|
|
|a Amsterdam, the Netherlands :
|b IOS Press,
|c c2007.
|
| 300 |
|
|
|a 335 p. :
|b ill.
|
| 490 |
1 |
|
|a Housing and urban policy studies ;
|v 32
|
| 504 |
|
|
|a Includes bibliographical references.
|
| 533 |
|
|
|a Electronic reproduction. Ann Arbor, MI : ProQuest, 2015. Available via World Wide Web. Access may be limited to ProQuest affiliated libraries.
|
| 650 |
|
0 |
|a Home ownership
|z Europe.
|
| 650 |
|
0 |
|a Home ownership
|z Europe
|x Public opinion.
|
| 650 |
|
0 |
|a Housing
|z Europe.
|
| 650 |
|
0 |
|a Public welfare
|z Europe.
|
| 655 |
|
4 |
|a Electronic books.
|
| 700 |
1 |
|
|a Elsinga, Marja.
|
| 710 |
2 |
|
|a ProQuest (Firm)
|
| 830 |
|
0 |
|a Housing and urban policy studies ;
|v 32.
|
| 856 |
4 |
0 |
|u https://ebookcentral.proquest.com/lib/matrademy/detail.action?docID=448769
|z Click to View
|